|
|
|
|
| LEADER |
00000nam a22000007i 4500 |
| 001 |
IT\ICCU\UBO\3559165 |
| 003 |
ItRI |
| 005 |
20260115232149.0 |
| 008 |
090124s2008 it |||||| ||||| |||||c |
| 020 |
|
|
|a 9788886973960
|
| 040 |
|
|
|b ita
|c importazione bologna sebina
|
| 041 |
|
7 |
|a ita
|2 ISO-639-2
|
| 082 |
|
|
|a 305.4
|9 GRUPPI SECONDO IL SESSO. DONNE
|2 11
|
| 100 |
1 |
|
|a Palumbo, Valeria
|0 IT\ICCU\UBOV\855427
|4 aut
|
| 240 |
1 |
3 |
|a Le figlie di Lilith
|3 IT\ICCU\MSE\0078315
|9 Palumbo, Valeria
|
| 245 |
1 |
3 |
|a Le figlie di Lilith :
|b vipere, dive, dark ladies e femmes fatales : l'altra ribellione femminile /
|c Valeria Palumbo.
|
| 260 |
|
|
|a Roma :
|b Odradek,
|c c2008
|
| 300 |
|
|
|a 180 p. :
|b ill. ;
|c 21 cm.
|
| 650 |
|
7 |
|a Donne
|x Biografie
|
| 942 |
|
|
|2 ddc
|c BK
|n 0
|
| 952 |
|
|
|0 0
|1 0
|4 0
|6 L_305_420000000000000_PAL
|7 0
|9 21245
|a BO
|b BO
|d 2026-01-15
|i 14506
|l 0
|o L 305.42 PAL
|p BO14506
|r 2026-01-15 23:21:49
|w 2026-01-15
|x [Sebina 5] [1 v.]
|y BK
|z 1 v.
|
| 999 |
|
|
|c 18150
|d 18150
|